000 00719cab a2200229 4500
001 ABS68084
008 040903n2004 000 0 eng u
035 _a(Sirsi) u127268
245 _aCost study: high density housing
260 _c2004
490 _aBuilding
_v269(8340) 9 July 2004, 36-40(5)
520 _aCost study of a ultra high-density single person housing development next to a noisy railway in Borough, south London.
590 _aABS
650 _aBUILT ENVIRONMENT-BUILDING COSTS
650 _aLONDON
650 _aCOST ANALYSIS
650 _aSINGLE PERSON HOUSEHOLDS
650 _aHIGH DENSITY HOUSING
650 _aKEY WORKERS
690 _aBUILT ENVIRONMENT-BUILDING COSTS
942 _n0
999 _c74528
_d74528